Legal aspects of lease renewals and rent reviews (Record no. 88506)

MARC details
000 -LEADER
fixed length control field 00807cam a2200205 4500
001 - CONTROL NUMBER
control field ##D15624
008 - FIXED-LENGTH DATA ELEMENTS--GENERAL INFORMATION
fixed length control field 090401t1980 xxu||||| |||| 00| 0 eng d
035 ## - SYSTEM CONTROL NUMBER
System control number (Sirsi) u24144
041 0# - LANGUAGE CODE
Language code of text/sound track or separate title eng
050 04 - LIBRARY OF CONGRESS CALL NUMBER
Classification number 346.4104343 $2 18
090 ## - LOCALLY ASSIGNED LC-TYPE CALL NUMBER (OCLC); LOCAL CALL NUMBER (RLIN)
Classification number (OCLC) (R) ; Classification number, CALL (RLIN) (NR) 346.4104344
100 1# - MAIN ENTRY--PERSONAL NAME
Personal name Phillips, John M.
245 00 - TITLE STATEMENT
Title Legal aspects of lease renewals and rent reviews
260 ## - PUBLICATION, DISTRIBUTION, ETC.
Place of publication, distribution, etc. London
Name of publisher, distributor, etc. RICS
Date of publication, distribution, etc. 1980
300 ## - PHYSICAL DESCRIPTION
Extent 43p.
Dimensions 30cm
520 ## - SUMMARY, ETC.
Summary, etc. Considers the following areas on lease renewal problems: who the act applies to; who the parties are; who the parcels are; the length of term; and the possibility of contracting out of the act.
690 ## - LOCAL SUBJECT ADDED ENTRY--TOPICAL TERM (OCLC, RLIN)
Topical term or geographic name as entry element PROPERTY-COMMERCIAL PROPERTY-LEASEHOLD COMMERCIAL PROPERTY-COMMERCIAL LANDLORD AND TENANT-COMMERCIAL LEASES-COMMERCIAL LEASE RENEWAL
942 ## - ADDED ENTRY ELEMENTS (KOHA)
Suppress in OPAC 0
948 ## - LOCAL PROCESSING INFORMATION (OCLC); SERIES PART DESIGNATOR (RLIN)
c (OCLC) 04/03/1997
Holdings
Withdrawn status Lost status Source of classification or shelving scheme Damaged status Not for loan Home library Current library Shelving location Date acquired Total Checkouts Full call number Barcode Date last seen Copy number Price effective from Koha item type
    Dewey Decimal Classification     Historic collection Historic collection RICS Boxes 28/10/1991   RICS 1980/116A 30025429 06/08/2019 1 06/08/2019 Archive
    Dewey Decimal Classification     London London RICS Boxes 09/02/2006   ISVA/10 30071627 06/08/2019 1 06/08/2019 Reference material